| 000 | 00898nam a2200193 a 4500 | ||
|---|---|---|---|
| 008 | 120416s1981 ||||||||||||||||| || u | ||
| 020 | _a007548093X | ||
| 050 | _aHB 172.5 Dor | ||
| 100 | _aDornbusch, Rudiger | ||
| 245 | 1 | 0 | _aMacroeconomics |
| 260 |
_aToronto: _bMcGraw-Hill Ryerson _c1981 |
||
| 300 | _ax, 589p. : ill. | ||
| 350 | _a0.00 | ||
| 650 | _aMICROECONOMICS | ||
| 700 | _aSparks, Gordon R | ||
| 995 |
_aANNEX COLLECTION (Main Library) _D0.00 _e002135 _FCBU-MAIN LIBRARY (Kitwe) _H1 _I27.95 _jHB 172.5 Dor _M1 _UAVAILABLE _y002135 _ZAnnex Low-Usage Collection |
||
| 995 |
_aANNEX COLLECTION (Main Library) _D0.00 _e002136 _FCBU-MAIN LIBRARY (Kitwe) _H2 _I27.95 _jHB 172.5 Dor _M2 _UAVAILABLE _y002136 _ZAnnex Low-Usage Collection |
||
| 995 |
_aMAIN LIBRARY OPEN ACCESS _D0.00 _e002137 _FCBU-MAIN LIBRARY (Kitwe) _H3 _I27.95 _jHB 172.5 Dor _M3 _ULOST _VJun 14, 2016 _y002137 _ZMain Library Open Access Collection |
||
| 999 |
_c82298 _d82298 |
||